Harry Potter 101 - Statistics

General Stats
  • This quiz has been taken 1,374 times
  • The average score is 10 of 15
Answer Stats
Hint Answer % Correct
What is Umbridges first name? Dolores
97%
Which twin looses an ear? George
92%
What is the fourth HP book? Goblet of fire
90%
What is the name of the best wand shop? Ollivanders
85%
What does Filius Flitwick teach? Charms
82%
How many years did sirius spend in azkaban? 12
81%
What is Hermiones middle name? Jean
75%
What object curses Katie in Deathley Hallows? Necklace
69%
What is the name of Draco Malfoys son? scorpius
68%
What kind of creature pulls the school carriges? Thestral
65%
What is the name of P. Slughorns dinner club? Slug Club
53%
What do you need to do to create a horcrux? Murder
49%
What is the name of Hepzibah Smiths house elf? Hokey
39%
What size cauldren do first years require? 2
29%
Where is it located? Diagon Ally
29%
No matching quizzes found
Score Distribution
Percent of People with Each Score
Percentile by Number Answered
Your Score History
You have not taken this quiz